Catálogo
 En Linea

Nueva era de la alimentación / (Registro nro. 25065)

Detalles MARC
000 -CABECERA
campo de control de longitud fija 00876nam a2200253 a 4500
001 - NÚMERO DE CONTROL
campo de control 000025573
005 - FECHA Y HORA DE LA ÚLTIMA TRANSACCIÓN
campo de control 20200930023903.0
008 - DATOS DE LONGITUD FIJA--INFORMACIÓN GENERAL
campo de control de longitud fija 110217s1978 ag abc r 000 0 spa d
040 ## - FUENTE DE LA CATALOGACIÓN
Centro catalogador/agencia de origen DO-SdBNP
Lengua de catalogación spa
Centro/agencia transcriptor BNPHU
041 17 - CÓDIGO DE LENGUA
Código de lengua del texto/banda sonora o título independiente spa
Código de lengua original eng
Fuente del código Código de idioma MARC
082 ## - NÚMERO DE LA CLASIFICACIÓN DECIMAL DEWEY
Número de clasificación NNN
Número de documento/Ítem H477n
049 ## - FONDOS LOCALES (OCLC)
Fondos de biblioteca BNGR
100 1# - ENTRADA PRINCIPAL--NOMBRE DE PERSONA
Nombre de persona Hellman, Hal,
Fechas asociadas al nombre 1927-
9 (RLIN) 4472
240 10 - TÍTULO UNIFORME
Título uniforme Feeding the world of the future.
Lenguaje de la obra Español.
245 10 - MENCIÓN DE TÍTULO
Título Nueva era de la alimentación /
Mención de responsabilidad, etc. Hal Hellman ; traducción de Daniel Landes.
260 ## - PUBLICACIÓN, DISTRIBUCIÓN, ETC.
Lugar de publicación, distribución, etc. Buenos Aires :
Nombre del editor, distribuidor, etc. Marymar,
Fecha de publicación, distribución, etc. 1978.
300 ## - DESCRIPCIÓN FÍSICA
Extensión 195, [4] p. :
Otras características físicas il., retrs., mapas ;
Dimensiones 23 cm.
490 1# - MENCIÓN DE SERIE
Mención de serie Nueva ciencia
534 ## - NOTA SOBRE LA VERSIÓN ORIGINAL
Encabezamiento principal del original Título original:
Mención de título del original Feeding the world of the future.
504 ## - NOTA DE BIBLIOGRAFÍA, ETC.
Nota de bibliografía, etc. Incluye bibliografía (p. 189-195)
500 ## - NOTA GENERAL
Nota general Incluye dato del autor en la solapa
700 1# - PUNTO DE ACCESO ADICIONAL--NOMBRE DE PERSONA
Nombre de persona Landes, Daniel
Término indicativo de función/relación tr.
9 (RLIN) 4474
830 #0 - PUNTO DE ACCESO ADICIONAL DE SERIE-TÍTULO UNIFORME
Título uniforme Nueva ciencia
9 (RLIN) 4475
Existencias
Estado de retiro Estado de pérdida Restricciones de uso No para préstamo Código de colección Localización permanente Ubicación/localización actual Ubicación en estantería Fecha de adquisición Número de inventario Total de préstamos Signatura topográfica completa Código de barras Fecha visto por última vez Precio válido a partir de Tipo de ítem Koha
        Monografías: Libros y Folletos General General En catalogación 17.02.2011 LF1   NNN H477n 25573-10 25.06.2020 25.06.2020 Préstamo en sala

Con tecnología Koha